| 000 | 00567nam a2200217 a 4500 | ||
|---|---|---|---|
| 999 |
_c5821 _d5821 |
||
| 001 | 5821 | ||
| 003 | BD-JhCC | ||
| 005 | 20171227162123.0 | ||
| 008 | 171227s1982 bg ||||| |||| 00| 0 eng d | ||
| 035 | _a(BD-JhCC)5821 | ||
| 040 |
_aBD-JhCC _dBD-JhCC |
||
| 041 | _aeng | ||
| 082 |
_a591.95492 _bKHA 1982 |
||
| 100 | _aKhan, Mohammad All Reza | ||
| 245 |
_aWildlife of Bangladesh / _c Mohammad All Reza Khan |
||
| 260 |
_aDhaka : _bUniversity of Dhaka, _c1982. |
||
| 300 |
_a173 p. : _c24 cm . |
||
| 650 |
_aAnimals _zBangladesh |
||
| 942 |
_2ddc _cBK |
||